| 000 | 06212namaa22004211i 4500 | ||
|---|---|---|---|
| 003 | OSt | ||
| 005 | 20260126142123.0 | ||
| 008 | 250827s2025 ua a|||frm||| 000 0 eng d | ||
| 040 |
_aEG-GICUC _bara _cEG-GICUC _dEG-GICUC _erda |
||
| 041 | 0 |
_aara _bara _beng |
|
| 049 | _aإيداع | ||
| 082 | 0 | 4 | _a327.730569 |
| 092 |
_a327.730569 _221 |
||
| 097 | _aمــــاجستير | ||
| 099 | _aCai01.03.04.M.Sc.2025.أح.ا | ||
| 100 | 0 |
_a،احمد حسين احمد حسنى فوده _eإعداد. |
|
| 245 | 1 | 0 |
_aالاستمرار والتغير في السياسة الأمريكية تجاه القضية الفلسطينية خلال الفترة من 2012-2019 / _cإعداد احمد حسين احمد حسنى فوده؛ إشراف أ.د/ نورهان الشيخ. |
| 246 | 1 | 5 | _aContinuity and change in us foreign policy towards the palestinian issue during the period from 2012-2019 / |
| 264 | 0 | _c2025. | |
| 300 |
_a125 صفحة : _bإيضاحيات ؛ _c25 سم. + _eCD. |
||
| 336 |
_atext _2rda content |
||
| 337 |
_aUnmediated _2rdamedia |
||
| 338 |
_avolume _2rdacarrier |
||
| 502 | _aأطروحة (ماجستير)-جامعة القاهرة، 2025. | ||
| 504 | _aببليوجرافيا: صفحات 118-125. | ||
| 520 | _aتهدف هذه الدراسة إلى تحليل السياسة الخارجية الأمريكية تجاه القضية الفلسطينية خلال الفترة من 2012 إلى 2019، مع التركيز على عنصري الاستمرارية والتغير في هذه السياسة في ظل إدارتي الرئيسين أوباما وترامب. وتسعى الدراسة إلى استكشاف المحددات الداخلية والخارجية التي أثرت في صياغة هذه السياسة، وكيف انعكست التوجهات المختلفة لكل من أوباما وترامب على طبيعة التعاطي الأمريكي مع القضية الفلسطينية، وصولًا إلى تحليل "صفقة القرن" وتقييم آثارها. تعتمد الدراسة على منهجية تحليلية تتناول المحددات الداخلية، كجماعات المصالح والرأي العام ووسائل الإعلام واللوبي اليهودي، والمحددات الخارجية، كالمصالح الأمريكية الحيوية والسياسية والاقتصادية في الشرق الأوسط، والعلاقات مع إسرائيل والدول العربية. وتستعرض الدراسة التطورات في السياسة الخارجية الأمريكية خلال فترتي أوباما وترامب، بدءًا من محاولات إحياء عملية السلام في عهد أوباما، ثم التحول الجذري في عهد ترامب نحو دعم أكبر لإسرائيل وتبني رؤيتها للصراع، بما في ذلك الاعتراف بالقدس عاصمة لإسرائيل ونقل السفارة الأمريكية، وقطع المساعدات عن السلطة الفلسطينية، وطرح "صفقة القرن". كما تحلل الدراسة مستقبل مشاريع التسوية السياسية في ضوء هذه التطورات، مع التركيز على ردود الفعل الفلسطينية والعربية تجاه السياسة الأمريكية، وتقييم مدى تأثير "صفقة القرن" على مستقبل القضية الفلسطينية. وتخلص الدراسة إلى أن السياسة الأمريكية شهدت تغيرًا ملحوظًا في عهد ترامب، مع استمرارية في دعم إسرائيل، وأن المحددات الداخلية والخارجية لعبت دورًا هامًا في تشكيل هذه السياسة. | ||
| 520 | _aThis study analyzes the trajectory of U.S. foreign policy towards the Palestinian issue between 2012 and 2019, highlighting the elements of continuity and change in this policy, particularly during the tenures of two distinct American administrations: President Barack Obama's and President Donald Trump's. The study explores the internal and external determinants that have shaped this policy and how the divergent approaches of Obama and Trump impacted the nature of American engagement with the Palestinian issue, culminating in the formulation of the so-called "Deal of the Century" and an assessment of its implications.the study demonstrates that American foreign policy towards the Palestinian issue underwent significant transformations during the period 2012-2019, as it shifted from trying to revive the peace process during Obama's era to adopting an Israeli vision and working to liquidate the issue during Trump's era. The study emphasizes that internal and external determinants play a pivotal role in shaping this policy, and that there is continuity in supporting Israel, but with a change in tools and objectives. The study highlights the Palestinian and Arab reactions to this policy and their impact on the future of the Palestinian issue, ultimately concluding that the "Deal of the Century" has further complicated the crisis, and that there is an urgent need for serious international effort to find a just and comprehensive solution to the Palestinian issue that guarantees the legitimate rights of the Palestinian people. | ||
| 530 | _aصدر أيضًا كقرص مدمج. | ||
| 546 | _aالنص بالعربية والملخص باللغة الإنجليزية والعربية. | ||
| 650 | 7 |
_aالسياسة الخارجية _zالولايات المتحدة الامريكية _zفلسطين _2qrmak |
|
| 650 | 7 | _aاللأجئون الفلسطينيون | |
| 653 | 0 |
_aالسياسة الخارجية الأمريكية _aالقضية الفلسطينية _aاللاجئون الفلسطينيون |
|
| 700 | 0 |
_aنورهان الشيخ _eمشرف أطروحة. |
|
| 900 |
_b01-01-2025 _cنورهان الشيخ _dمحمود إسماعيل _dمحمد العرابي _Uجامعة القاهرة _Fكلية الاقتصاد والعلوم السياسية _Dقسم العلوم السياسية |
||
| 905 |
_aSara _eAfaf |
||
| 942 |
_2ddc _cTH _e21 _n0 |
||
| 999 | _c177780 | ||